000 00990nam0a22002531 4500
001 rc\175251
005 20030307113252.5
035 _a(NLR Aleph) 005436481
090 _a4711648
_c4711648
100 _a20030307d1993 u |0rusy50 ca
101 0 _arus
102 _aRU
105 _aa |||||||||
200 1 _aКриминалистическая техника
_eУчеб. пособие
_fЮ.К. Панжинский, Н.Н. Егоров. В.И. Павлушов
_gМ-во внутр. дел Рос. Федерации. Хабаров. высш. шк.
210 _aХабаровск
_cХВШ МВД РФ
_d1993
215 _a72 с.
_cил.
_d20
700 1 _aПанжинский
_bЮ. К.
_gЮрий Константинович
701 1 _aЕгоров
_bН. Н.
_gНиколай Николаевич
701 1 _aПавлушов
_bВ. И.
_gВладимир Ильич
801 0 _aRU
_bNLR
_gpsbo
801 1 _aRU
_bELAR
_2rusmarc
852 _aNLR
_j94-4/205
942 _cBOOK
980 _aNB